000 00248nam a22001097a 4500
008 170118b xxu||||| |||| 00| 0 eng d
020 _a089521478
041 _aeng
080 _22ND
_a618.2
245 _aFIRST RESPONDER
_cKARREN, K.J
942 _2udc
_cBK
999 _c3109
_d3109